Statistiques concernant Les principaux footballeurs français (2017) #1

Cliquez ici pour prendre le quiz!

Statistiques générales

  • Ce quiz a été pris 617 fois
  • Le résultat moyen est 18 sur 31

Statistiques - réponses

PosteClubJoueur% Correct
GardienTottenhamHugo Lloris
99%
GardienMarseilleSteve Mandanda
98%
GardienParis SGAlphonse Areola
95%
GardienSaint-EtienneStéphane Ruffier
88%
DéfenseurReal MadridRaphaël Varane
86%
GardienBordeauxBenoît Costil
84%
DéfenseurManchester CityBenjamin Mendy
82%
DéfenseurBarceloneSamuel Umtiti
79%
DéfenseurMonacoDjibril Sidibé
76%
DéfenseurParis SGPresnel Kimpembe
76%
DéfenseurAthletic BilbaoAymeric Laporte
74%
DéfenseurMarseilleAdil Rami
66%
DéfenseurArsenalLaurent Koscielny
65%
GardienToulouseAlban Lafont
62%
DéfenseurAtlético MadridLucas Hernandez
61%
DéfenseurReal MadridTheo Hernandez
61%
Défenseurİstanbul BaşakşehirGaël Clichy
58%
DéfenseurLiverpoolMamadou Sakho
56%
DéfenseurManchester CityBacary Sagna
55%
DéfenseurBarceloneLucas Digne
53%
DéfenseurSéville FCClément Lenglet
50%
DéfenseurManchester CityEliaquim Mangala
50%
DéfenseurParis SGLayvin Kurzawa
46%
DéfenseurMarseillePatrice Evra
42%
DéfenseurSaint-EtienneLoïc Perrin
41%
DéfenseurNiceChristophe Jallet
37%
DéfenseurStoke CityKurt Zouma
32%
DéfenseurToulouseIssa Diop
17%
DéfenseurSéville FCSébastien Corchia
16%
DéfenseurMonacoAlmamy Touré
6%
DéfenseurBordeauxYoussouf Sabaly
5%

Distribution des résultats

Percentile par nombre de réponses

% des personnes avec chaque résultat

Votre développement - résultats

Vous n’avez pas pris ce quiz